Los movimientos campesinos en Cerro de Pasco: 1800-1963

Gorde:
Xehetasun bibliografikoak
Egile nagusia: Kapsoli E, Wilfredo
Formatua: Texto
Argitaratua: Huancayo: Instituto de Estudios Andinos
Etiketak: Etiketa erantsi
Etiketarik gabe, Izan zaitez lehena erregistro honi etiketa jartzen!

MARC

LEADER 00000 a a2200000 04500
001 16501
003
040
090 |a 018900  
100 |a Kapsoli E, Wilfredo  
245 |a Los movimientos campesinos en Cerro de Pasco: 1800-1963  
260 |a Huancayo:   |b Instituto de Estudios Andinos  
300 |a 161 p.  
999 |c 12091  |d 12091